000 00309nam a2200109Ia 4500
008 160531s9999 xx 000 0 und d
100 _aHolland, Jonathan.
245 _aNotes on Symmetric Spaces
245 _cby Jonathan Holland, Bogdan Ion
260 _c2012
856 _uhttp://arxiv.org/pdf/1211.4159v1.pdf
999 _c295127
_d295127